000 00471nam a2200145Ia 4500
008 230917s9999||||xx |||||||||||||| ||und||
020 _cRS15
040 _e159524
_aMAIN
041 _aEnglish
082 _a891.43371109 MR726:PV
100 _aपण्डिता, बिमला कुमारी
245 0 _aउपन्यासकार मोहन राकेश
260 _aजयपुर
_bपंचशील प्रकाशन
_c1978
942 _cHN
999 _c184488
_d184488